000 00538nam a2200217Ia 4500
003 OSt
005 20221005102020.0
006 a|||||r|||| 00| 0
007 ta
008 221004b |||||||| |||| 00| 0 eng d
024 _a115680
037 _cTextual
040 _aCRL
_cCRL
_beng
041 _2eng
_aeng
100 _aShemendra
245 0 _aAuchitya Vicharcharcha , Narayan Mishr
260 _aVaranasi
_bChaukhamba India
_c1982
650 _aSANSKRIT
942 _cTEXL
_2cc
999 _c1007705
_d1007705